000 00562nam a2200181Ia 4500
008 240729s9999 xx 000 0 und d
022 _a2247-9902
245 0 _aScientific Annals of the Danube Delta Institute
260 _aRomania
260 _bCITDD Publishing House
650 _a Anthropology
650 _a Ethnology. Social and cultural anthropology | Science
650 _a Science (General)
650 _aGeography. Anthropology. Recreation
856 _uhttps://doaj.org/toc/4c3ba3cba3554bbbb90914ddb4a3e1ec
942 _2ddc
942 _cDOAJEJ
999 _c70929
_d70929
945 _a1
_bMadushi Gamage
_c1
_dMadushi Gamage